Die größten Arbeitgeber Deutschlands - Statistiken

Allgemein
  • Dieses Quiz wurde 464 mal gespielt
  • Das Durchschnittsergebnis liegt bei 5 aus 10
Antwortstatistiken
Rang Unternehmen Mitarbeitende % Korrekt
2. Volkswagen 281.000
88%
5. Daimler 170.000
79%
3. Deutsche Bahn 205.000
61%
9. Siemens 113.000
54%
4. Deutsche Post 175.000
49%
7. Schwarz Gruppe 156.000
40%
10. Deutsche Telekom 104.000
39%
6. REWE 160.000
39%
1. EDEKA 352.000
38%
8. Bosch 133.000
34%
Keine übereinstimmenden Quizze gefunden
Verteilung der Resultate
Anzahl Personen mit jedem Resultat
Perzentil nach korrekt beantworteten Fragen
Ihre Resultats-Entwicklung
Sie haben dieses Quiz noch nicht gespielt